000 01854nam a2200337 i 4500
003 DO-SdBNP
005 20240826101228.0
007 ta
008 240826s2024 dr r 000|0 0pspa d
020 _a9789945511147
040 _aDO-SdBNP
_bspa
_cBNPHU
_erda
082 _a371.2
_bI59g, 2024
_222
110 2 _aInstituto Tecnológico de Santo Domingo (INTEC)
_978911
245 0 0 _aGuía para el desarrollo del acompañamiento pedagógico :
_bde la maestría en gestión de centros educativos /
_cproducción documental Katherine Mejía, Rebeca Rodríguez, Irene Machado Cruz
250 _a1a. edición
264 _aSanto Domingo :
_bInstituto Tecnológico de Santo Domingo,
_c2024.
300 _a38 páginas
_c28 cm.
336 _2rdacontent
_atexto
_btxt
337 _2rdamedia
_asin mediación
_bn
338 _2rdacarrier
_avolumen
_bnc
504 _aBibliografía p: 25-26.
505 2 _tIntroducción --
_tFundamentación --
_tMarco contextual --
_tObjetivo del acompañamiento pedagógico --
_tCompetencias a desarrollar en el acompañamiento pedagógico --
_tEstrategias de formación y acompañamiento --
_tRuta procedimental para el desarrollo del acompañamiento pedagógico --
_tOrganización del acompañamiento pedagógico por trimestre y su sistema instrumental --
_tProtocolos para el desarrollo del acompañamiento --Roles y funciones de los actores del acompañamiento pedagógico --
_tGlosario --
_tBibliografía --
_tAnexos /
590 _aInventariado, 2024/ YL
650 4 _aInnovaciones educativas
_977314
_zRepública Dominicana
650 4 _aEducación superior
_977315
_zRepública Dominicana
700 1 _aMejía, Katherine
_eproducción documental
_986401
700 1 _aRodríguez, Rebeca
_eproducción documental
_986402
700 1 _aMachado Cruz, Irene
_eproducción documental
_982503
910 _aYLockward
942 _2ddc
_cLF2
999 _c57545
_d57545